000 00422nam a22001457a 4500
082 _aP-635
100 _aFaisal raza
_950812
245 _aperformance of evaluation of an at grade signalized urban intersection using synchro/simtraffic
260 _aRisalpur,
_bMCE,
_c2015.
300 _a107p.
526 _a0
_b0
_c0
_dP_635
526 _a0
_b0
_c0
_dP_635
700 _aLt Col Dr Muhammad Irfan
_950813
942 _2ddc
_cBK
999 _c553555
_d553555